[Event "GER-chT U12"]
[Site "Magdeburg"]
[Date "2019.12.28"]
[Round "3.10"]
[White "Ilhan, Kiwan Noah"]
[Black "Bajaj, Pranit"]
[Result "1-0"]
[WhiteElo "912"]
[BlackElo "935"]
[PlyCount "53"]
[EventDate "2019.12.27"]
[EventType "team-swiss"]
[EventRounds "7"]
[EventCountry "GER"]
[SourceTitle "CBM 194 Extra"]
[Source "ChessBase"]
[SourceDate "2020.03.31"]
[SourceVersion "1"]
[SourceVersionDate "2020.03.31"]
[SourceQuality "1"]
[WhiteTeam "Kerpen SK"]
[BlackTeam "Erlangen"]
[WhiteTeamCountry "GER"]
[BlackTeamCountry "GER"]

1. e4 e5 2. Nf3 Nc6 3. Nc3 Nf6 4. Bc4 Nb4 5. Nxe5 d5 6. exd5 Nbxd5 7. 0-0 Bd6 8. Nxd5 Bxe5 9. Re1 Ng4 10. d4 b5 11. Bxb5+ Bd7 12. Bxd7+ Qxd7 13. dxe5 0-0 14. e6 fxe6 15. Qxg4 Qxd5 16. Bh6 Rf7 17. c4 Qc5 18. Be3 Qb4 19. Rad1 Re8 20. Qd4 a6 21. a3 Qb7 22. Rd2 e5 23. Qd5 c6 24. Qe4 Ref8 25. Qg4 Rf6 26. Rd7 Qxb2 27. Qxg7# 1-0

[Event "GER-chT U12"]
[Site "Magdeburg"]
[Date "2019.12.28"]
[Round "4.10"]
[White "Kossert, Simon"]
[Black "Bajaj, Pranit"]
[Result "1-0"]
[WhiteElo "1343"]
[BlackElo "935"]
[PlyCount "71"]
[EventDate "2019.12.27"]
[EventType "team-swiss"]
[EventRounds "7"]
[EventCountry "GER"]
[SourceTitle "CBM 194 Extra"]
[Source "ChessBase"]
[SourceDate "2020.03.31"]
[SourceVersion "1"]
[SourceVersionDate "2020.03.31"]
[SourceQuality "1"]
[WhiteTeam "Karlsruhe SF"]
[BlackTeam "Erlangen"]
[WhiteTeamCountry "GER"]
[BlackTeamCountry "GER"]

1. e4 e5 2. Nf3 Nc6 3. Nc3 Nf6 4. d4 exd4 5. Nxd4 Bc5 6. Nb3 Bb6 7. Bd3 0-0 8. Bg5 h6 9. Bh4 d6 10. 0-0 Qe7 11. Nd5 Qe5 12. Bxf6 Qe6 13. Nxb6 axb6 14. Bc3 Qg6 15. e5 Qg5 16. exd6 Bh3 17. Qf3 Bg4 18. Qg3 cxd6 19. h3 Ne5 20. Bxe5 dxe5 21. Qxg4 Qf6 22. Qf5 Qxf5 23. Bxf5 Rae8 24. Rfe1 f6 25. Bg6 Re7 26. f4 Rd7 27. fxe5 fxe5 28. Rad1 Rc7 29. Rxe5 Rxc2 30. Bxc2 Kf7 31. Rf1+ Kg8 32. Bh7+ Kxh7 33. Rxf8 Kg6 34. h4 Kh7 35. h5 g5 36. Re7# 1-0